Business Intelligence ako podpora konkurenčnej výhody podniku bakalárska práca

Guardado en:
Detalles Bibliográficos
Autor principal: Tkáč, Rastislav
Autor Corporativo: Podnikovohospodárska fakulta EU so sídlom v Košiciach. Katedra manažmentu
Otros Autores: Tutková, Petra, 1987-
Formato: Libro
Lenguaje:eslovaco
Publicado: Košice 2013
Etiquetas: Agregar Etiqueta
Sin Etiquetas, Sea el primero en etiquetar este registro!

MARC

LEADER 00000nbm a2200000 4500
001 0176109
005 20170209090001.6
041 0 |a slo 
044 |a SK 
245 1 0 |a Business Intelligence ako podpora konkurenčnej výhody podniku  |b bakalárska práca  |c Rastislav Tkáč ; školiteľ: Petra Tutková 
264 1 |a Košice  |c 2013 
300 |a 47 s. 
100 1 |a Tkáč, Rastislav 
700 1 |a Tutková, Petra, 1987- 
710 2 |a Podnikovohospodárska fakulta EU so sídlom v Košiciach. Katedra manažmentu